Beta-blokátory a liečba srdcového zlyhania keď sa tradičná kontraindikácia stane významnou indikáciou

Bibliographic Details
Main Author: Mosnárová, Alena (Author)
Format: Article
Language:Slovak
PhysicalDescription:Obr., tab.
ISSN:1335-4477
Subjects:

MARC

LEADER 00000nab a2200000 a 4500
001 vtls000762225
003 SK-MaSNL
005 20260303202039.0
008 140303c2001 xo 0 slo
015 |a SNBRB2001/06-17970 
035 |a CLN000114012 
040 |a SNKBUCL  |b slo  |c SNKBUCL  |e AACR2 
041 0 |a slo 
044 |a xo  |c SK 
080 |a 616.12-008.46-085:615.22:061.3  |2 1997 
080 |a 615.22  |2 1997 
100 1 |a Mosnárová, Alena  |4 aut  |9 266510 
245 1 0 |a Beta-blokátory a liečba srdcového zlyhania  |b keď sa tradičná kontraindikácia stane významnou indikáciou  |c Alena Mosnárová 
300 |b Obr., tab. 
650 0 7 |a chronické zlyhanie srdca  |2 snkbucl  |9 133644 
650 0 7 |a betablokátory  |2 snkbucl  |9 13728 
655 7 |a články z novín a časopisov  |2 snkbucl  |9 267496 
773 0 |t Zdravotnícke noviny  |g Roč. 6, č. 20 (2001)  |x 1335-4477 
773 0 |t [Príl.] Lekárske listy  |g Č. 20 (2001), s. 6-7  |x 1335-4477 
850 |a Slovenská národná knižnica v Martine 
852 |a SNK  |b KIS3GCP 
958 |a MI 
992 |a RBX 
999 |c 2177531  |d 2179461